Statistics for Airline Logos

Click here to take the quiz!

General Stats

  • This quiz has been taken 22,347 times
    (22,309 since last reset)
  • The average score is 11 of 20

Answer Stats

Answer % Correct
Air Canada
94%
Swiss International
85%
Lufthansa
74%
Qantas
72%
South African Airways
68%
British Airways
66%
Emirates
63%
KLM
63%
American Airlines
63%
Alitalia
49%
Ryanair
49%
Aer Lingus
48%
Thai Airways
43%
Korean Air
42%
Japan Airlines
36%
Turkish Airlines
34%
Air China
33%
Iberia
32%
Air New Zealand
30%
Southwest
29%

Score Distribution

Percentile by Number Answered

Percent of People with Each Score

Your Score History

You have not taken this quiz since the last reset